[Event "Buffalo op"]
[Site "Buffalo USA"]
[Date "1994.??.??"]
[Round "?"]
[White "Men, Boris"]
[Black "Hartman, Brian"]
[Result "0-1"]
[WhiteElo "2500"]
[BlackElo "2428"]
[PlyCount "88"]
[GameId "2129405189289117"]
[EventDate "1994.??.??"]
[EventType "swiss"]
[EventRounds "5"]
[EventCountry "USA"]
[SourceTitle "CFC 1994.06"]
[SourceDate "2011.01.01"]
[SourceVersion "1"]
[SourceVersionDate "2011.01.01"]
[SourceQuality "1"]

1. e4 e5 2. Nf3 Nc6 3. Bb5 a6 4. Ba4 Nf6 5. Qe2 b5 6. Bb3 Be7 7. c3 O-O 8. O-O d6 9. d4 Bg4 10. Rd1 exd4 11. cxd4 d5 12. e5 Ne4 13. Be3 Na5 14. Bc2 Nc4 15. Bc1 f5 16. b3 Na5 17. Bb2 Nc6 18. a3 Qd7 19. Nbd2 Nd8 20. b4 Ne6 21. Rac1 Bh4 22. g3 Nxd2 23. Rxd2 Bg5 24. Rd3 Bxc1 25. Bxc1 f4 26. Bd1 fxg3 27. hxg3 Rxf3 28. Rxf3 Nxd4 29. Rf8+ Rxf8 30. Qxg4 Qxg4 31. Bxg4 Nf3+ 32. Kg2 Nxe5 33. Be6+ Kh8 34. Bxd5 Nc4 35. Bb7 Rf6 36. Kf1 a5 37. bxa5 Nxa5 38. Bc8 Nc4 39. Ke2 Rd6 40. g4 Rd8 41. Bb7 Rb8 42. Bd5 Re8+ 43. Kd3 Ne5+ 44. Kd4 c5+ 0-1

[Event "Continental op"]
[Site "Buffalo USA"]
[Date "1992.??.??"]
[Round "?"]
[White "Karklins, Andrew"]
[Black "Hartman, Brian"]
[Result "1/2-1/2"]
[WhiteElo "2450"]
[BlackElo "2475"]
[PlyCount "91"]
[GameId "2129405197159324"]
[EventDate "1992.??.??"]
[EventType "swiss"]
[EventRounds "5"]
[EventCountry "USA"]
[SourceTitle "CFC 1992.04"]

1. e4 e5 2. Nf3 Nc6 3. Bb5 a6 4. Ba4 Nf6 5. O-O Be7 6. Re1 b5 7. Bb3 d6 8. c3 O-O 9. h3 Nd7 10. d4 Bf6 11. Qd3 Na5 12. Bc2 c5 13. dxc5 dxc5 14. Nbd2 Bb7 15. Nf1 c4 16. Qe2 Nc5 17. Rd1 Qc7 18. Ne3 Rad8 19. Ng4 Rxd1+ 20. Qxd1 Be7 21. Qe2 f6 22. Nh4 Rd8 23. Nf5 Bf8 24. Be3 Nd3 25. b4 Nc6 26. a4 Ne7 27. Nxe7+ Bxe7 28. axb5 axb5 29. f3 Rd7 30. Nf2 Nxf2 31. Qxf2 Qc6 32. h4 Bd8 33. h5 h6 34. Kh1 Qe6 35. Qg3 Qe8 36. Qg4 Rc7 37. Kg1 Bc8 38. Qg6 Qxg6 39. hxg6 Bd7 40. g3 Rc8 41. f4 Be8 42. f5 Bc6 43. Ra6 Be7 44. Kf2 Bf8 45. Ke2 Be7 46. g4 1/2-1/2

[Event "World op"]
[Site "Philadelphia USA"]
[Date "1990.??.??"]
[Round "6"]
[White "Hartman, Brian"]
[Black "West, Guy"]
[Result "0-1"]
[WhiteElo "2345"]
[BlackElo "2330"]
[PlyCount "93"]
[GameId "2129405203856888"]
[EventDate "1990.??.??"]
[EventType "swiss"]
[EventRounds "9"]
[EventCountry "USA"]
[SourceTitle "EXT 97"]
[Source "ChessBase"]
[SourceDate "1997.11.17"]
[SourceVersion "1"]
[SourceVersionDate "1997.11.17"]
[SourceQuality "1"]

1. e4 c5 2. Nf3 d6 3. d4 cxd4 4. Nxd4 Nf6 5. Nc3 a6 6. Bg5 e6 7. f4 Be7 8. Qf3 Qc7 9. O-O-O Nbd7 10. Bd3 b5 11. Rhe1 Bb7 12. Qg3 O-O-O 13. Bxb5 axb5 14. Ndxb5 Qb6 15. e5 Nc5 16. exf6 gxf6 17. Bh4 Rhg8 18. Qe3 Rxg2 19. Qd4 Bf3 20. Rd2 Rxd2 21. Qxd2 d5 22. Bf2 Qa6 23. Bd4 Be4 24. Qe3 Na4 25. b3 Nxc3 26. Qxc3+ Kd7 27. Qc7+ Ke8 28. Rg1 Bg6 29. Bc5 Bxc5 30. Qxc5 Qxa2 31. f5 d4 32. Rg4 Qa1+ 33. Kd2 exf5 34. Rg2 d3 35. Nc7+ Kd7 36. Nd5 Qe5 37. Qb5+ Kd6 38. Qb6+ Kd7 39. Qb5+ Kd6 40. Qb6+ Kd7 41. c4 f4 42. Nxf6+ Ke7 43. Nd5+ Rxd5 44. cxd5 Qb2+ 45. Kd1 Bh5+ 46. Ke1 Qc1+ 47. Kf2 0-1

[Event "USA-ch class"]
[Site "Philadelphia USA"]
[Date "1985.12.??"]
[Round "?"]
[White "Hartman, Brian"]
[Black "Bass, Leonid"]
[Result "1-0"]
[WhiteElo "2400"]
[BlackElo "2400"]
[PlyCount "91"]
[GameId "2129405209179335"]
[EventDate "1985.12.20"]
[EventType "swiss"]
[EventRounds "5"]
[EventCountry "USA"]
[SourceTitle "CFC 1986.04"]

1. e4 c6 2. d4 d5 3. Nc3 dxe4 4. Nxe4 Nd7 5. Bc4 Ngf6 6. Ng5 e6 7. Ne2 Nb6 8. Bd3 c5 9. dxc5 Bxc5 10. O-O O-O 11. Ng3 h6 12. Nf3 Nbd7 13. a3 b6 14. b4 Be7 15. Qe2 Bb7 16. Bb2 a5 17. Rad1 Qc7 18. Nd4 Rfe8 19. Bb5 Bf8 20. bxa5 bxa5 21. Rfe1 Rac8 22. Rd2 Bd5 23. Nb3 Bc4 24. Bxc4 Qxc4 25. Qxc4 Rxc4 26. Nxa5 Ra4 27. Nb3 Bxa3 28. Bxa3 Rxa3 29. h3 Rc8 30. Ne4 Nd5 31. Nd6 Rc6 32. Nb5 Ra2 33. c4 Rxd2 34. Nxd2 N5b6 35. Rc1 Ne5 36. Nd4 Rc8 37. c5 Nd3 38. Rb1 Nd5 39. Ne4 N3b4 40. Ra1 g5 41. Nd6 Rxc5 42. Ra8+ Kg7 43. Ra7 Kg6 44. Nxf7 Nf4 45. Kh2 Nbd5 46. Ne5+ 1-0

[Event "Chicago int."]
[Site "Chicago USA"]
[Date "1985.03.??"]
[Round "?"]
[White "Hartman, Brian"]
[Black "McCambridge, Vincent"]
[Result "1-0"]
[WhiteElo "2362"]
[BlackElo "2415"]
[PlyCount "87"]
[GameId "2129405209357159"]
[EventDate "1985.03.19"]
[EventType "tourn"]
[EventRounds "11"]
[EventCountry "USA"]

1. e4 c5 2. Nf3 d6 3. d4 cxd4 4. Nxd4 Nf6 5. Nc3 g6 6. Be2 Bg7 7. O-O O-O 8. Nb3 Nbd7 9. Bg5 b6 10. Re1 Bb7 11. Bf1 Re8 12. Qd2 Rc8 13. Bh6 Bh8 14. Rad1 a6 15. a4 Ne5 16. f3 Qc7 17. Qf2 Nfd7 18. Nd2 Qc5 19. Be3 Qc7 20. h3 Nc5 21. Bd4 Bc6 22. f4 Ned7 23. Bxh8 Kxh8 24. Nf3 Kg8 25. Qh4 Nf8 26. f5 b5 27. axb5 axb5 28. Ng5 Ncd7 29. Kh1 b4 30. Ne2 Ne5 31. Nd4 Bd7 32. Be2 Ra8 33. Rf1 Ra2 34. fxg6 hxg6 35. Nxf7 Nxf7 36. Rxf7 Kxf7 37. Qh8 Rea8 38. Rf1+ Bf5 39. Rxf5+ gxf5 40. Bh5+ Ng6 41. Qh7+ Kf6 42. Qxg6+ Ke5 43. Ne6 Ra1+ 44. Kh2 1-0

[Event "Chicago int."]
[Site "Chicago USA"]
[Date "1985.03.??"]
[Round "?"]
[White "Keene, Raymond"]
[Black "Hartman, Brian"]
[Result "1/2-1/2"]
[WhiteElo "2460"]
[BlackElo "2362"]
[PlyCount "54"]
[GameId "2129405209357160"]
[EventDate "1985.03.19"]
[EventType "tourn"]
[EventRounds "11"]
[EventCountry "USA"]
[SourceTitle "CFC 1985.06"]

1. d4 Nf6 2. c4 e6 3. Nc3 d5 4. cxd5 exd5 5. Bg5 Be7 6. e3 h6 7. Bh4 O-O 8. Bd3 b6 9. Nf3 Bb7 10. O-O Nbd7 11. Qe2 Ne4 12. Bg3 Nxg3 13. hxg3 Bf6 14. Ba6 Qc8 15. Bxb7 Qxb7 16. b4 c5 17. bxc5 bxc5 18. Rab1 Nb6 19. dxc5 Bxc3 20. Rb3 Bf6 21. Rfb1 Qc7 22. cxb6 axb6 23. Rxb6 Qc4 24. Qxc4 dxc4 25. Rc1 Rxa2 26. Rxc4 Ra1+ 27. Kh2 Ra2 1/2-1/2

[Event "Cleveland"]
[Site "Cleveland"]
[Date "1985.??.??"]
[Round "?"]
[White "Hartman, Brian"]
[Black "Gruenfeld, Yehuda"]
[Result "1-0"]
[WhiteElo "2350"]
[BlackElo "2475"]
[PlyCount "87"]
[GameId "1114898606297088"]
[EventDate "1985.??.??"]
[EventType "game"]
[EventRounds "1"]
[EventCountry "USA"]
[SourceTitle "EXT 2010"]
[Source "ChessBase"]
[SourceDate "2009.11.30"]
[SourceVersion "1"]
[SourceVersionDate "2009.11.30"]
[SourceQuality "1"]

1. e4 c5 2. Nf3 d6 3. d4 cxd4 4. Nxd4 Nf6 5. Nc3 a6 6. Bc4 e6 7. Bb3 b5 8. O-O Be7 9. f4 O-O 10. e5 dxe5 11. fxe5 Nfd7 12. Be3 Nxe5 13. Qh5 Nbc6 14. Nxc6 Nxc6 15. Rf3 g6 16. Qh6 f6 17. Rd1 Qe8 18. Ne4 Ne5 19. Rg3 Nc4 20. Bxc4 bxc4 21. Nd6 Bxd6 22. Rxd6 Qf7 23. Bc5 Re8 24. Rf3 Bb7 25. Rxf6 Qxf6 26. Rd7 Qh8 27. Rxb7 Rf8 28. Qh4 Rad8 29. Bxf8 Rxf8 30. c3 h5 31. Qe7 Qh6 32. Qxe6+ Kh8 33. Qe5+ Kg8 34. Qd5+ Kh8 35. Qd4+ Kg8 36. Qxc4+ Kh8 37. Qd4+ Kg8 38. h3 a5 39. a4 Qc1+ 40. Kh2 Qh6 41. Rd7 h4 42. b4 Qf4+ 43. Qxf4 Rxf4 44. b5 1-0

[Event "Oz.com qual blitz"]
[Site "ICC INT"]
[Date "2000.03.05"]
[Round "1"]
[White "Hartman, Brian"]
[Black "Bolanos Vizcarra, Felix"]
[Result "1-0"]
[WhiteElo "2405"]
[BlackElo "2166"]
[PlyCount "43"]
[GameId "1166642608312320"]
[EventDate "2000.03.05"]
[EventType "swiss (blitz)"]
[EventRounds "9"]
[EventCountry "USA"]
[SourceTitle "EXT 2001"]
[Source "ChessBase"]
[SourceDate "2000.11.22"]
[SourceVersion "1"]
[SourceVersionDate "2000.11.22"]
[SourceQuality "1"]

1. e4 c5 2. Nf3 e6 3. d4 cxd4 4. Nxd4 Nf6 5. Nc3 d6 6. Be2 a6 7. f4 Be7 8. O-O Qc7 9. a4 Nc6 10. Be3 O-O 11. Qe1 Nb4 12. Bd3 Bd7 13. Qg3 Bc6 14. a5 d5 15. e5 Ne4 16. Bxe4 dxe4 17. f5 Rfd8 18. fxe6 f6 19. Nf5 g6 20. exf6 Bd6 21. f7+ Kh8 22. Bd4+ 1-0

[Event "Oz.com qual blitz"]
[Site "ICC INT"]
[Date "2000.03.05"]
[Round "3"]
[White "Hartman, Brian"]
[Black "Dautov, Rustem"]
[Result "0-1"]
[WhiteElo "2405"]
[BlackElo "2602"]
[PlyCount "76"]
[GameId "1166642609487872"]
[EventDate "2000.03.05"]
[EventType "swiss (blitz)"]
[EventRounds "9"]
[EventCountry "USA"]
[SourceTitle "EXT 2001"]
[Source "ChessBase"]
[SourceDate "2000.11.22"]
[SourceVersion "1"]
[SourceVersionDate "2000.11.22"]
[SourceQuality "1"]

1. e4 c6 2. d4 d5 3. exd5 cxd5 4. Bd3 Nc6 5. c3 Nf6 6. Bg5 Bg4 7. Qb3 Qd7 8. Nd2 e6 9. Ngf3 Bxf3 10. Nxf3 Bd6 11. O-O O-O 12. Rad1 Qc7 13. Rfe1 Nd7 14. Bh4 Rae8 15. Bg3 Bxg3 16. hxg3 a6 17. Qc2 h6 18. a4 Na5 19. Qe2 Nc4 20. Bxc4 Qxc4 21. Qxc4 dxc4 22. Ne5 Nxe5 23. Rxe5 b6 24. a5 b5 25. Rc5 Rc8 26. Kf1 Rfd8 27. Rxc8 Rxc8 28. Ke2 Kf8 29. d5 Ke7 30. dxe6 Kxe6 31. Rd4 Rc5 32. f4 Rd5 33. Ke3 f5 34. Rxd5 Kxd5 35. Kf3 h5 36. Ke2 Ke4 37. Kd2 h4 38. gxh4 Kxf4 0-1

[Event "Oz.com qual blitz"]
[Site "ICC INT"]
[Date "2000.03.05"]
[Round "4"]
[White "Wippermann, Till"]
[Black "Hartman, Brian"]
[Result "0-1"]
[WhiteElo "2255"]
[BlackElo "2405"]
[PlyCount "64"]
[GameId "1166642610311168"]
[EventDate "2000.03.05"]
[EventType "swiss (blitz)"]
[EventRounds "9"]
[EventCountry "USA"]
[SourceTitle "EXT 2001"]
[Source "ChessBase"]
[SourceDate "2000.11.22"]
[SourceVersion "1"]
[SourceVersionDate "2000.11.22"]
[SourceQuality "1"]

1. e4 c5 2. Nc3 d6 3. f4 Nc6 4. Nf3 Bg4 5. Bb5 e6 6. Bxc6+ bxc6 7. d3 g6 8. O-O Bg7 9. Qe1 Bxf3 10. Rxf3 Qe7 11. Be3 Rb8 12. Rb1 Nf6 13. h3 Nd7 14. b3 O-O 15. Na4 f5 16. exf5 exf5 17. Bf2 Qxe1+ 18. Rxe1 Rfe8 19. Rfe3 Rxe3 20. Rxe3 Kf7 21. Bh4 Re8 22. Rxe8 Kxe8 23. Bf2 Kd8 24. Kf1 Kc7 25. Ke2 Nb6 26. Nxb6 axb6 27. a4 b5 28. c4 bxa4 29. bxa4 Bc3 30. Be1 Bxe1 31. Kxe1 Kb6 32. Kd2 Ka5 0-1

[Event "Oz.com qual blitz"]
[Site "ICC INT"]
[Date "2000.03.05"]
[Round "6"]
[White "Serper, Grigory"]
[Black "Hartman, Brian"]
[Result "1-0"]
[WhiteElo "2587"]
[BlackElo "2405"]
[PlyCount "91"]
[GameId "1166642611195904"]
[EventDate "2000.03.05"]
[EventType "swiss (blitz)"]
[EventRounds "9"]
[EventCountry "USA"]
[SourceTitle "EXT 2001"]
[Source "ChessBase"]
[SourceDate "2000.11.22"]
[SourceVersion "1"]
[SourceVersionDate "2000.11.22"]
[SourceQuality "1"]

1. d4 Nf6 2. c4 e6 3. Nc3 Bb4 4. e3 O-O 5. Bd3 d5 6. Nge2 e5 7. cxd5 exd4 8. exd4 Nxd5 9. O-O c6 10. a3 Be7 11. Bc2 Re8 12. Re1 Bf8 13. Nxd5 cxd5 14. Be3 Nc6 15. Nf4 Be6 16. Qf3 Qd7 17. Bb3 Rad8 18. Rac1 Bd6 19. h3 Bxf4 20. Qxf4 h6 21. Qg3 Kh8 22. Kh2 Rc8 23. Qh4 Ne7 24. Bf4 Ng6 25. Qg3 Rxc1 26. Rxc1 Rc8 27. Rxc8+ Qxc8 28. Be3 Ne7 29. Qe5 Kg8 30. Qd6 Nf5 31. Qe5 Qd8 32. Bf4 a6 33. Bc2 Ne7 34. Qd6 Qxd6 35. Bxd6 Nf5 36. Bc5 g6 37. g4 Ng7 38. Kg3 Bd7 39. Kf4 Ne8 40. Ke5 Bc6 41. Bb3 Nc7 42. Bd6 Ne8 43. Bxd5 Bxd5 44. Kxd5 f6 45. Ke6 Kg7 46. Ke7 1-0

[Event "Oz.com qual blitz"]
[Site "ICC INT"]
[Date "2000.03.05"]
[Round "7"]
[White "Hartman, Brian"]
[Black "Sagalchik, Gennadij"]
[Result "0-1"]
[WhiteElo "2405"]
[BlackElo "2540"]
[PlyCount "110"]
[GameId "1166642611478528"]
[EventDate "2000.03.05"]
[EventType "swiss (blitz)"]
[EventRounds "9"]
[EventCountry "USA"]
[SourceTitle "EXT 2001"]
[Source "ChessBase"]
[SourceDate "2000.11.22"]
[SourceVersion "1"]
[SourceVersionDate "2000.11.22"]
[SourceQuality "1"]

1. e4 e5 2. Nf3 Nc6 3. Nc3 Nf6 4. d4 exd4 5. Nd5 Be7 6. Bc4 d6 7. Nxd4 Nxd4 8. Qxd4 Be6 9. O-O O-O 10. Bb3 Nxd5 11. Bxd5 Bf6 12. Qd3 Bxd5 13. Qxd5 Qd7 14. c3 c6 15. Qd3 Rfe8 16. Be3 Qe6 17. Rfd1 Rad8 18. Bxa7 Qxe4 19. Bb6 Rd7 20. Qxe4 Rxe4 21. Re1 Rde7 22. Kf1 Kf8 23. Rxe4 Rxe4 24. Re1 Ra4 25. a3 c5 26. Bc7 Ra6 27. Re2 Be7 28. c4 Ke8 29. b4 Rxa3 30. bxc5 Ra1+ 31. Re1 Rxe1+ 32. Kxe1 dxc5 33. h3 Kd7 34. Be5 Bf6 35. Bf4 Kc6 36. Kd2 b5 37. cxb5+ Kxb5 38. Kd3 c4+ 39. Kc2 Kc5 40. Bc7 Kd4 41. Bb6+ Ke4 42. Kd2 h5 43. Bc5 c3+ 44. Kc2 Bd4 45. Bf8 g5 46. Bh6 f6 47. f3+ Kf4 48. h4 Kg3 49. hxg5 fxg5 50. Bxg5 Kxg2 51. f4 Kg3 52. Kd3 h4 53. Kxd4 h3 54. f5 h2 55. f6 h1=Q 0-1

[Event "Oz.com qual blitz"]
[Site "ICC INT"]
[Date "2000.03.05"]
[Round "8"]
[White "Halldorsson, Bragi"]
[Black "Hartman, Brian"]
[Result "1/2-1/2"]
[WhiteElo "2243"]
[BlackElo "2405"]
[PlyCount "155"]
[GameId "1166642611900416"]
[EventDate "2000.03.05"]
[EventType "swiss (blitz)"]
[EventRounds "9"]
[EventCountry "USA"]
[SourceTitle "EXT 2001"]
[Source "ChessBase"]
[SourceDate "2000.11.22"]
[SourceVersion "1"]
[SourceVersionDate "2000.11.22"]
[SourceQuality "1"]

1. d4 g6 2. c4 Bg7 3. Nf3 c5 4. e4 cxd4 5. Nxd4 Nc6 6. Be3 Nf6 7. Nc3 O-O 8. Be2 d6 9. O-O Re8 10. f3 Bd7 11. Qd2 a6 12. Rfd1 Rc8 13. Rac1 Qa5 14. b3 h5 15. g3 Ne5 16. Rc2 Rb8 17. Nd5 Qxd2 18. Rdxd2 Nxd5 19. cxd5 Rbc8 20. Kf2 Rxc2 21. Rxc2 Rc8 22. Rxc8+ Bxc8 23. Ke1 Kf8 24. Kd2 Ke8 25. Bf1 Kd8 26. h3 Kc7 27. f4 Nd7 28. b4 Nf6 29. Kd3 Bd7 30. Bg2 Ne8 31. Kc4 e6 32. Kb3 exd5 33. exd5 Nf6 34. a4 Bf8 35. a5 Be7 36. Kc4 Ba4 37. b5 Bd1 38. bxa6 bxa6 39. Nc6 Bf8 40. Bb6+ Kd7 41. Kd3 Ba4 42. Nd4 Be7 43. Bf3 Bd8 44. Kc3 Kc8 45. Bxd8 Kxd8 46. f5 g5 47. g4 hxg4 48. hxg4 Nd7 49. Be2 Nc5 50. Kb4 Bd7 51. Nf3 f6 52. Nd4 Kc7 53. Ne6+ Bxe6 54. dxe6 Kd8 55. Kc4 Ke7 56. Bf3 Kd8 57. Kd5 Nb7 58. Be2 Ke7 59. Bxa6 Nxa5 60. Bb5 Nb3 61. Be2 Nc5 62. Bf3 Nd3 63. Ke4 Ne5 64. Be2 Nc6 65. Kd5 Ne5 66. Ke4 Nc6 67. Kd5 Nb4+ 68. Kc4 Nc2 69. Kd3 Ne1+ 70. Kd2 Ng2 71. Bf3 Nf4 72. Ke3 d5 73. Kd4 Kd6 74. Bd1 Nh3 75. Bf3 Nf2 76. Be2 Nh3 77. Bf3 Nf4 78. Bd1 1/2-1/2

[Event "Oz.com qual blitz"]
[Site "ICC INT"]
[Date "2000.03.05"]
[Round "9"]
[White "Hartman, Brian"]
[Black "Teuton, L Frank"]
[Result "1-0"]
[WhiteElo "2405"]
[BlackElo "2225"]
[PlyCount "89"]
[GameId "1166642612322304"]
[EventDate "2000.03.05"]
[EventType "swiss (blitz)"]
[EventRounds "9"]
[EventCountry "USA"]
[SourceTitle "EXT 2001"]
[Source "ChessBase"]
[SourceDate "2000.11.22"]
[SourceVersion "1"]
[SourceVersionDate "2000.11.22"]
[SourceQuality "1"]

1. e4 c6 2. d4 g6 3. Nf3 d5 4. Nc3 Bg4 5. exd5 cxd5 6. Bb5+ Nc6 7. O-O e6 8. h3 Bxf3 9. Qxf3 Bg7 10. Ne2 Nge7 11. c3 O-O 12. Nf4 Rc8 13. Be3 a6 14. Ba4 b5 15. Bc2 b4 16. Qe2 bxc3 17. bxc3 Na5 18. Bd2 Bxd4 19. cxd4 Rxc2 20. Bxa5 Rxe2 21. Bxd8 Re4 22. Bxe7 Re8 23. Bg5 f6 24. Bh6 g5 25. Nh5 Kf7 26. g4 Rxd4 27. Bg7 Rf4 28. Rab1 Rf3 29. Rb7+ Kg6 30. Kg2 Ra3 31. Bxf6 Rg8 32. Ra1 Ra4 33. a3 d4 34. Rb4 Ra5 35. Rxd4 e5 36. Re4 h6 37. Rxe5 Rxe5 38. Bxe5 a5 39. Rb1 Rc8 40. Rb6+ Kh7 41. Rb7+ Kg8 42. Rg7+ Kf8 43. Bd6+ Ke8 44. Nf6+ Kd8 45. Rd7# 1-0

[Event "Internet op"]
[Site "Internet"]
[Date "2004.01.31"]
[Round "?"]
[White "Hartman, Brian"]
[Black "Roiz, Michael"]
[Result "0-1"]
[WhiteElo "2405"]
[BlackElo "2544"]
[PlyCount "86"]
[GameId "1166646054117376"]
[EventDate "2004.01.??"]
[EventType "swiss"]
[EventRounds "15"]
[EventCountry "NET"]
[SourceTitle "EXT 2005"]
[Source "ChessBase"]
[SourceDate "2004.11.15"]
[SourceVersion "1"]
[SourceVersionDate "2004.11.15"]
[SourceQuality "1"]

1. e4 c5 2. Nf3 d6 3. d4 cxd4 4. Nxd4 Nf6 5. Nc3 Nc6 6. Be3 e6 7. Bc4 a6 8. Qe2 Qc7 9. O-O-O Na5 10. Bd3 b5 11. f4 Bb7 12. e5 dxe5 13. Bxb5+ axb5 14. Ndxb5 Qb8 15. fxe5 Nd5 16. Ne4 Qxe5 17. Bd4 Qf4+ 18. Kb1 Nc6 19. Rhf1 Nxd4 20. Rxd4 Qe5 21. Qf2 f5 22. Rxd5 Bxd5 23. Nec3 Bc5 24. Qh4 O-O 25. Re1 Qf6 26. Qg3 Rad8 27. a3 f4 28. Qh3 Be3 29. Nxd5 Rxd5 30. Nc3 Rb8 31. Rxe3 fxe3 32. Qxe3 Rd6 33. Qg3 Qd4 34. b4 Rdb6 35. Kb2 Qf6 36. Kb3 Rc8 37. Ne4 Qd4 38. Qf3 Qc4+ 39. Kb2 Qxc2+ 40. Ka1 Qc1+ 41. Ka2 Qc2+ 42. Ka1 Rd8 43. Nf2 Rbd6 0-1

[Event "Collingwood-Somborac"]
[Site "Collingwood CAN"]
[Date "2024.05.03"]
[Round "1.1"]
[White "Hartman, Brian"]
[Black "Colvin, Andrew"]
[Result "1-0"]
[WhiteElo "2328"]
[BlackElo "1993"]
[PlyCount "31"]
[GameId "2160767905931574"]
[EventDate "2024.05.03"]
[EventType "swiss"]
[EventRounds "5"]
[EventCountry "CAN"]

1. e4 c5 2. Nf3 d6 3. d4 cxd4 4. Nxd4 Nf6 5. Nc3 Nc6 6. Be3 Ng4 7. Bb5 Nxe3 8. fxe3 Bd7 9. O-O Ne5 10. Nf3 Bxb5 11. Nxb5 Qb6 12. Nxe5 dxe5 13. Qd5 f6 14. Qc4 Rb8 15. Nc7+ Kd7 16. Rad1+ 1-0

[Event "Collingwood-Somborac"]
[Site "Collingwood CAN"]
[Date "2024.05.04"]
[Round "2.1"]
[White "Berengolts, Isai"]
[Black "Hartman, Brian"]
[Result "1/2-1/2"]
[WhiteElo "2016"]
[BlackElo "2328"]
[PlyCount "95"]
[GameId "2160767905931584"]
[EventDate "2024.05.03"]
[EventType "swiss"]
[EventRounds "5"]
[EventCountry "CAN"]

1. e4 e5 2. Nf3 Nc6 3. Bc4 Nf6 4. d3 Be7 5. O-O d6 6. h3 Na5 7. Bb3 a6 8. Re1 c5 9. c3 Nxb3 10. Qxb3 b5 11. d4 Qc7 12. Nbd2 O-O 13. Nf1 Be6 14. d5 Bd7 15. Ng3 Ne8 16. Qc2 Qc8 17. Qe2 f5 18. exf5 Bxf5 19. Bg5 Qd8 20. Bxe7 Qxe7 21. Nxf5 Rxf5 22. a4 bxa4 23. Rxa4 Qb7 24. Qd3 Qf7 25. Re2 Nc7 26. c4 Rb8 27. Qc3 Qd7 28. Ra3 Rb4 29. Ne1 Rf4 30. b3 Rb8 31. Nd3 Rd4 32. f3 Qf5 33. Nf2 Rb4 34. Re4 h6 35. Ra4 Rxa4 36. bxa4 Ne8 37. Qb2 Nf6 38. Rxd4 exd4 39. Qb8+ Kh7 40. Qxd6 Qb1+ 41. Kh2 Qc2 42. Qe5 Qxf2 43. d6 Qe3 44. Qf5+ Kg8 45. Qc8+ Kf7 46. d7 Qe5+ 47. Kg1 Qe1+ 48. Kh2 1/2-1/2

[Event "Collingwood-Somborac"]
[Site "Collingwood CAN"]
[Date "2024.05.04"]
[Round "3.2"]
[White "Hartman, Brian"]
[Black "Ruchinskaya, Valerie"]
[Result "1/2-1/2"]
[WhiteElo "2328"]
[BlackElo "2075"]
[PlyCount "57"]
[GameId "2160767905931595"]
[EventDate "2024.05.03"]
[EventType "swiss"]
[EventRounds "5"]
[EventCountry "CAN"]

1. e4 e6 2. d4 d5 3. e5 c5 4. Nf3 Nc6 5. Bd3 cxd4 6. O-O Nge7 7. Re1 Bd7 8. Nbd2 Ng6 9. Nb3 Qc7 10. Nbxd4 Nxd4 11. Nxd4 Nxe5 12. Bf4 Bd6 13. Bb5 Nc4 14. Nxe6 fxe6 15. Rxe6+ Kd8 16. Bxd6 Nxd6 17. Bxd7 Kxd7 18. Qxd5 Rae8 19. Rae1 Qc6 20. Qd4 g6 21. h4 Rxe6 22. Qg7+ Kd8 23. Rxe6 Re8 24. Qf6+ Kc7 25. c3 Rxe6 26. Qxe6 Qe4 27. Qxe4 Nxe4 28. f3 Nc5 29. b4 1/2-1/2

[Event "Collingwood-Somborac"]
[Site "Collingwood CAN"]
[Date "2024.05.05"]
[Round "4.5"]
[White "Gooding, Gordon"]
[Black "Hartman, Brian"]
[Result "1/2-1/2"]
[WhiteElo "1922"]
[BlackElo "2328"]
[PlyCount "187"]
[GameId "2160767905931609"]
[EventDate "2024.05.03"]
[EventType "swiss"]
[EventRounds "5"]
[EventCountry "CAN"]

1. d4 Nf6 2. Nc3 d5 3. Bf4 c5 4. e3 e6 5. Nb5 Na6 6. c3 Be7 7. h3 O-O 8. Nf3 Bd7 9. a4 Ne4 10. Bd3 Bxb5 11. axb5 Nc7 12. O-O cxd4 13. Bxc7 Qxc7 14. exd4 f5 15. Ne5 Bd6 16. Nf3 Bf4 17. Qc2 Nd6 18. g3 Bh6 19. Ne5 g6 20. Rfe1 Bg7 21. Kg2 Kh8 22. f3 Rfe8 23. Re2 Re7 24. h4 Bf6 25. Rae1 Kg7 26. Kh3 Qb6 27. Qa4 Qd8 28. Qb4 Re8 29. Qc5 Be7 30. Qa3 Nxb5 31. Qa1 Nd6 32. b3 Bf6 33. c4 dxc4 34. bxc4 Nf7 35. f4 a6 36. Qb2 Rb8 37. Rd1 Qc7 38. Rc2 Red8 39. Be2 Nd6 40. Rb1 Ne4 41. Bf3 Qd6 42. Rd1 b5 43. c5 Qd5 44. c6 Rdc8 45. Rdc1 Rc7 46. Rc5 Qd6 47. Bxe4 fxe4 48. Qc3 b4 49. Qe3 b3 50. Qxe4 Rb4 51. R1c4 Rxc4 52. Rxc4 Qd5 53. Qxd5 exd5 54. Rb4 Bxe5 55. fxe5 Rxc6 56. Rb7+ Kf8 57. Rxb3 Rc4 58. Rb6 Rxd4 59. Rxa6 Re4 60. Ra7 h5 61. e6 Rxe6 62. Rd7 Re5 63. g4 Ke8 64. Rg7 Re3+ 65. Kg2 Re4 66. gxh5 gxh5 67. Rg5 d4 68. Rxh5 Kf7 69. Kf3 Re3+ 70. Kf4 Ke6 71. Ra5 Re1 72. Ra8 Kd5 73. Rc8 d3 74. h5 Re4+ 75. Kg5 Re5+ 76. Kg4 Re6 77. Rd8+ Ke4 78. Kg5 Re5+ 79. Kg4 Rd5 80. Re8+ Kd4 81. Re1 d2 82. Rd1 Ke3 83. h6 Rd8 84. Kg5 Ke2 85. Rxd2+ Kxd2 86. h7 Ke3 87. Kg6 Kf4 88. Kg7 Rd7+ 89. Kg8 Rd8+ 90. Kg7 Rd7+ 91. Kg8 Kg5 92. h8=Q Rd8+ 93. Kg7 Rxh8 94. Kxh8 1/2-1/2

[Event "Collingwood-Somborac"]
[Site "Collingwood CAN"]
[Date "2024.05.05"]
[Round "5.3"]
[White "Hartman, Brian"]
[Black "Blair, Michael"]
[Result "1-0"]
[WhiteElo "2328"]
[BlackElo "1829"]
[PlyCount "89"]
[GameId "2160767905931617"]
[EventDate "2024.05.03"]
[EventType "swiss"]
[EventRounds "5"]
[EventCountry "CAN"]

1. e4 c5 2. Nf3 e6 3. d4 cxd4 4. Nxd4 a6 5. Nc3 Qc7 6. Be2 Nf6 7. O-O Nc6 8. Be3 Bb4 9. Nxc6 bxc6 10. Na4 Rb8 11. Bf3 d5 12. Qd3 Be7 13. Bc5 dxe4 14. Bxe4 Bxc5 15. Nxc5 O-O 16. Rfe1 Rb5 17. Qa3 Ng4 18. g3 Qb6 19. Nd3 Rd8 20. Re2 h5 21. Qe7 Nf6 22. Bg2 Rd7 23. Qa3 Qc7 24. Nc5 Rd6 25. c4 Ra5 26. Qb4 h4 27. a4 hxg3 28. hxg3 Qd8 29. Rae1 g6 30. Qa3 Rd1 31. b4 Rxe1+ 32. Rxe1 Qd2 33. Rf1 Rxc5 34. bxc5 Ng4 35. Qf3 e5 36. Rd1 Qg5 37. Qxc6 Be6 38. Qe4 Kg7 39. Re1 Qd2 40. Qe2 Qh6 41. f3 Qh2+ 42. Kf1 Nf6 43. Qxe5 Bxc4+ 44. Kf2 Be6 45. Rh1 1-0

[Event "CAN-ch Seniors 65+"]
[Site "Etobicoke CAN"]
[Date "2023.08.04"]
[Round "1.1"]
[White "Hartman, Brian"]
[Black "Finlay, Ian"]
[Result "1-0"]
[WhiteElo "2340"]
[BlackElo "1833"]
[PlyCount "67"]
[GameId "2160767907068208"]
[EventDate "2023.08.04"]
[EventType "swiss"]
[EventRounds "7"]
[EventCountry "CAN"]

1. e4 e5 2. Nf3 Nc6 3. Bb5 Bb4 4. O-O Nge7 5. c3 Ba5 6. d4 exd4 7. cxd4 d5 8. Qa4 O-O 9. exd5 Qxd5 10. Nc3 Bxc3 11. bxc3 Bg4 12. Ng5 Bh5 13. Re1 a6 14. Bd3 Bg6 15. Qc2 Rfe8 16. Ne4 Nf5 17. Bf4 Qa5 18. Bd2 Qa3 19. Qb3 Qxb3 20. axb3 Nfe7 21. f3 Nd5 22. Bc4 Nb6 23. Bf1 Nd7 24. Bf4 Rac8 25. g3 Bf5 26. Kf2 h6 27. h4 Re7 28. b4 Bxe4 29. fxe4 Nf6 30. Bg2 Rce8 31. e5 Ng4+ 32. Kg1 Nd8 33. Bf3 f5 34. c4 1-0